000 00599nam a2200229Ia 4500
003 OSt
005 20220916111016.0
006 a|||||r|||| 00| 0
007 ta
008 220915b |||||||| |||| 00| 0 eng d
024 _a95943
037 _cTextbook
040 _beng
_aARTS
_cARTS
041 _aeng
082 _aU8:6:M8, B8 (906)
100 _aJames F L
245 0 _aUnknown horn of Africa ; an exploration from Berbera to the Leopard River
260 _c1888
650 _aGEOGRAPHY
942 _hU8:6:M8, B8 (906)
_cTB
_2CC
999 _c103217
_d103217